Score 0/11 Timer 11:00
31 Plays Today
Question Answer Wrong Answers
A girl was born with superhuman strength. Her strength is hereditary and passed along to the women of her family. Thanks to her strength, she gets the job of a bodyguard to a rich heir. ???
54.6%
???
0.2%
???
1.5%
???
0.1%
A boy is a wealthy heir to a large Korean conglomerate. He was exiled to the U.S. by his brother, who tries to take control of the family business. Despite being engaged to a girl, a fellow heiress, he soon falls in love with another girl who's not rich. ???
53.8%
???
0.6%
???
0.6%
???
0.4%
When a girl accidentally saves a man from committing suicide, she is given a scholarship to a prestigious school. While in school, she attracts the interest four rich handsome guys known as F4. ???
53%
???
0.6%
???
0.4%
???
2.3%
A girl is badly treated by her stepmom and stepsister. While making a delivery in a club a guy asks her to be his fake fiancee. She agreed and helps his grandpa while she's at it, because of that she gets to live in a big house and gets to go to college. ???
51.4%
???
1.2%
???
0.7%
???
1.7%
Go Hye Mi is a student who majored in classical music but had to give up her dream by entering Kirin Art School to pay off her father's debt. Kirin Art School is a school people enter to achieve their dream of becoming music stars in the music industry. ???
51.1%
???
0.5%
???
1.9%
???
0.9%
- is a surgeon whose father is a comic book creator. One day, her father goes missing and she rushes to his workshop to look for him, and instead she finds a strange man, - bathed in blood. She is kidnapped by him and taken to a different dimension ???
50.7%
???
1.9%
???
0.7%
???
1%
A man is a CEO of a big company, but since he's shy, no one really knows about him. Some of the employees take it wrongly and nickname him 'Silent Monster' and talk badly about him. ???
47.4%
???
2.9%
???
1.9%
???
2.4%
After a traumatic experience in his childhood, korean man, a third-generation billionaire, suffers memory lapses and his personality then scattered into seven different identities. ???
46.9%
???
1.7%
???
1%
???
5.1%
(This is a movie) A girl, after breaking up with her boyfriend was in a bad mood, she kicked a can and it accidentally scratched an expensive car. Since she didn't have enough money to pay; She became a servant to the owner of the car for 100 days. ???
41.8%
???
8.7%
???
1.9%
???
2.7%
A man is worked to death, but he comes back to the living world in the attractive body of another man for a limited amount of time. Meanwhile, Party B is a beautiful woman, but her body is possessed by a tough guy, Party C. ???
40.5%
???
5.5%
???
5.6%
???
4%
A college student is able to see ghosts, while on a job he accidentally kisses a virgin ghost. After the ghost accidentally kisses him, she remembers something, so she convinces him for them to become partners. ???
38.3%
???
4.1%
???
11.4%
???
4.3%
Remove Ads.
Support Sporcle.
Get the best of Sporcle when you Go Orange. This ad-free experience offers more features, more stats, and more fun while also helping to support Sporcle. Thank you for becoming a member.

You're not logged in!

Compare scores with friends on all Sporcle quizzes.
OR
Log In

Show Comments

Extras

Top Quizzes Today


Score Distribution

Your Account Isn't Verified!

In order to create a playlist on Sporcle, you need to verify the email address you used during registration. Go to your Sporcle Settings to finish the process.

Report this User

Report this user for behavior that violates our Community Guidelines.

Details: